000 00461nam a2200193Ia 4500
008 210210b1945 xxu||||| |||| 00| 0 eng d
041 _aeng
082 _a370/62
100 _aPANTON (J H)
245 _aModern teaching practice and techniques
260 _aLondon
_bLongman Green & Co Ltd.,
_c1945
650 _atechniques
650 _ateaching
650 _apractice
650 _aModern
650 _aand
690 _aEducation
906 _a005002
999 _c128685
_d128685